|
|
|
|
| LEADER |
00000nam0a2200000 4500 |
| 001 |
274450 |
| 005 |
20231101234729.0 |
| 020 |
|
|
|a RU
|b 85-103024
|
| 035 |
|
|
|a (RuTPU)RU\TPU\book\297660
|
| 090 |
|
|
|a 274450
|
| 100 |
|
|
|a 20141105d1985 km y0rusy5003 ca
|
| 101 |
0 |
|
|a rus
|
| 102 |
|
|
|a RU
|
| 105 |
|
|
|a a z 000zb
|
| 200 |
1 |
|
|a Николай Бенуа
|f М. И. Бартенева
|
| 210 |
|
|
|a Ленинград
|c Стройиздат
|c Ленингр. отд-ние
|d 1985
|
| 215 |
|
|
|a 184 с.
|c ил.
|
| 225 |
1 |
|
|a Мастера архитектуры
|
| 600 |
|
1 |
|a Бенуа
|b Н. Л.
|c российский архитектор
|f 1813-1998
|g Николай Леонтьевич
|2 stltpush
|3 (RuTPU)RU\TPU\pers\36346
|
| 606 |
1 |
|
|a Архитекторы
|2 stltpush
|3 (RuTPU)RU\TPU\subj\29463
|9 52780
|
| 610 |
1 |
|
|a русская архитектура
|
| 610 |
1 |
|
|a зодчие
|
| 610 |
1 |
|
|a история
|
| 610 |
1 |
|
|a 19 век
|
| 610 |
1 |
|
|a архитектурные сооружения
|
| 610 |
1 |
|
|a архитектурные проекты
|
| 610 |
1 |
|
|a Петергоф
|
| 610 |
1 |
|
|a графические работы
|
| 675 |
|
|
|a 72.071
|z rus
|v 3
|
| 700 |
|
1 |
|a Бартенева
|b М. И.
|g Милица Игоревна
|4 070
|
| 801 |
|
0 |
|a RU
|b RuMRKP
|c 19950704
|g psbo
|
| 801 |
|
1 |
|a RU
|b 63413507
|c 20141105
|
| 801 |
|
2 |
|a RU
|b 63413507
|c 20170323
|g RCR
|
| 942 |
|
|
|c BK
|